1066 1750 1888 1338 1018 1401 1264 1356 1413 1986 1560 1491 1209 1732 1135 1985 1086 1015 1424 1301 1555 1738 1850 1235 1980 1368 1020 1930 1297 1569 1054 1634 1288 1115 1003 1155 1118 1378 1987 1231 1834 1505 1458 1084 1097 1186 1206 1292 1470 1207 1824 1031 1255 1911 1022 1207 1741 1711 1146 1953 1449 1395 1960 1150 1093 1903 1721 1859 1343 1216 1911 1221 1135 1850 1729 1526 1942 1834 1607 1331 1342 1618 1166 1037 1244 1875 1677 1807 1029 1093 1459 1936 1539 1302 1753 1847 1866 1157 1941 BCNSPRNW ULIB Ver.6.0+V

เปลี่ยนเป็นภาษาไทย

Change to English
 แสดงรายละเอียดบรรณานุกรม
  กลับหน้าหลัก

Brief Record : Get Marc (ISO 2709) : E-mail record : QR code < ปิดหน้าต่าง
LEADER : 00000nam 2200000uu 4500
001    13399127417
003     ULIB
008    200520s2562||||th 000 0 tha d
020 ^- ^a9786163660602
050 ^- ^aนว^bด179ม
100 0^ ^aดวงตะวัน.
245 10 ^aมนตรารีรายา /ดวงตะวัน.
250 ^- ^aพิมพ์ครั้งที่ 1.
260 ^- ^aนนทบุรี :^bดวงตะวัน,^c2562
300 ^- ^a570 หน้า ;^c21 ซม.
945    ^p390^l0^i007091
999    ^aประนอม เกษจรัล
รายการนี้ยังไม่มีแท็ก
คุณยังไม่ได้ล็อกอิน คุณสามารถมีกิจกรรมร่วมกับเว็บไซต์ได้ แต่ต้องล็อกอินก่อน ::
  ล็อกอิน

รายการสื่อสารสนเทศ

ลำดับที่ ประเภท เลขเรียก/บาร์โค้ด สถานที่ สถานะ
1. นวนิยาย
นวนิยาย
นว ด179ม ฉ.1 
  Barcode: 007091
ห้องสมุดวิทยาเขตสวรรค์ประชารักษ์
►หนังสือทั่วไป
บนชั้น

รายการใกล้เคียง
    ชื่อเรื่อง [มนตรารีรายา /ดวงตะวัน.]

    ผู้แต่ง [ดวงตะวัน.]

BibComment


ยังไม่เคยถูกคอมเมนท์

คอมเมนท์ทรัพยากรรายการนี้
  คอมเมนท์: มนตรารีรายา ดวงต..


 Copyright 2026. Bcnsprnw @Library